CERVICAL LENGTH ASSESSMENT IN SECOND TRIMESTER BY TRANSVAGINAL ULTRASOUND IN PREDICTING PRETERM LABOUR (Record no. 33185)

MARC details
000 -LEADER
fixed length control field 00390nam a22001457a 4500
003 - CONTROL NUMBER IDENTIFIER
control field SGT
082 ## - DEWEY DECIMAL CLASSIFICATION NUMBER
Classification number 618.2
Item number C22P
100 ## - MAIN ENTRY--PERSONAL NAME
Personal name PRIYANKA
245 ## - TITLE STATEMENT
Title CERVICAL LENGTH ASSESSMENT IN SECOND TRIMESTER BY TRANSVAGINAL ULTRASOUND IN PREDICTING PRETERM LABOUR
260 ## - PUBLICATION, DISTRIBUTION, ETC. (IMPRINT)
Place of publication, distribution, etc GURUGRAM
Name of publisher, distributor, etc SGTU
Year of Publication 2022
300 ## - PAGE DESCRIPTION
No. of Pages 84
650 ## - SUBJECT ADDED ENTRY--TOPICAL TERM
Topical term or geographic name as entry element OBSTETRICS AND GYNAECOLOGY
653 ## - KEYWORDS--INDEX TERM
Keyword term MS
942 ## - ADDED ENTRY ELEMENTS (KOHA)
Source of classification or shelving scheme Dewey Decimal Classification
Koha item type Thesis/Dissertation
Holdings
Withdrawn status Lost status Source of classification or shelving scheme Damaged status Not for loan Home library Current library Shelving location Date acquired Total Checkouts Full call number Accession No. (Barcode) Date last seen Bill Date Koha item type
    Dewey Decimal Classification   Not For Loan SGT Medical Library SGT Medical Library Reference Book 12/11/2025   618.2 C22P DT2473 12/11/2025 12/11/2025 Thesis/Dissertation